kku e-library facility

Cisco Certified Network Associate Study Guide (Record no. 121)

MARC details
000 -LEADER
fixed length control field 00463nam a22001457a 4500
005 - DATE AND TIME OF LATEST TRANSACTION
control field 20260116092658.0
008 - FIXED-LENGTH DATA ELEMENTS--GENERAL INFORMATION
fixed length control field 260116b |||||||| |||| 00| 0 eng d
020 ## - INTERNATIONAL STANDARD BOOK NUMBER
International Standard Book Number 9788126531257
100 ## - MAIN ENTRY--PERSONAL NAME
Personal name Lammle Todd
Dates associated with a name (c)2011
245 ## - TITLE STATEMENT
Title Cisco Certified Network Associate Study Guide
Remainder of title /Cisco Certified Network Associate Study Guide
Statement of responsibility, etc. /Todd Lammle
250 ## - EDITION STATEMENT
Edition statement 7th ed
260 ## - PUBLICATION, DISTRIBUTION, ETC.
Place of publication, distribution, etc. New Delhi:
Name of publisher, distributor, etc. Wiley Publishing, inc
Date of publication, distribution, etc. 2011
300 ## - PHYSICAL DESCRIPTION
Extent xxxii; 822
Dimensions 23cm
942 ## - ADDED ENTRY ELEMENTS (KOHA)
Source of classification or shelving scheme Dewey Decimal Classification
Koha item type Books
Suppress in OPAC No

No items available.

©2025 All rights reserved. KKU